000 00819nam a2200253 a 4500
008
020 _a0416734006 (pbk.)
049 _aMAIN
090 _aHF1359
100 1 0 _aEdwards, Chris.
245 1 4 _aThe fragmented world :
_bcompeting perspectives on trade, money, and crisis /
_cChris Edwards.
260 0 _aLondon ;
_aNew York :
_bMethuen,
_c1985.
300 _axvi, 350 p. ;
_c22 cm.
490 1 _aDevelopment and underdevelopment.
504 _aIncudes bibliographical references: p. 310-333.
500 _aIncludes index.
650 0 _aInternational economic relations.
650 0 _aEconomic development.
907 _a.b10084228
_b23-07-03
_c23-07-03
999 _aREMOTE C C S
_c147345
_d147345
003
005 20230123133350.0
040 _cNUST
942 _cBOOKS
_kHF1359